| 000 -LEADER |
| fixed length control field |
00867cam a2200241 i 4500 |
| 020 ## - INTERNATIONAL STANDARD BOOK NUMBER |
| ISBN |
0849301254 (v. 1) |
| 040 ## - CATALOGING SOURCE |
| Transcribing agency |
DLC |
| 082 00 - DEWEY DECIMAL CLASSIFICATION NUMBER |
| Classification number |
541 CRC 1977 A023 Or. |
| 245 00 - TITLE STATEMENT |
| Title |
Chemistry and physics of solid surfaces / |
| 260 ## - PUBLICATION, DISTRIBUTION, ETC. (IMPRINT) |
| Place of publication |
Cleveland : |
| Name of publisher |
CRC Press, |
| Year of publication |
c1977- |
| 300 ## - PHYSICAL DESCRIPTION |
| Number of Pages |
v. <1-8 > : |
| Other physical details |
ill. (some col.) ; |
| Dimensions |
27 cm. |
| 490 1# - SERIES STATEMENT |
| Series statement |
v. 6-8: Springer series in surface sciences ; |
| 500 ## - GENERAL NOTE |
| General note |
At head of title, v. 1: CRC. |
| 500 ## - GENERAL NOTE |
| General note |
Vol. 3 edited by: Ralf Vanselow, Walter England; v. 5-<8 > edited by R. Vanselow and R. Howe. |
| 500 ## - GENERAL NOTE |
| General note |
Vols. 2-3 published in: Boca Raton, Fla. |
| 500 ## - GENERAL NOTE |
| General note |
Vols. 4-<8 > published: Berlin ; New York : Springer-Verlag. |
| 500 ## - GENERAL NOTE |
| General note |
Vols. 1-3: no series. |
| 650 #0 - SUBJECT ADDED ENTRY--TOPICAL TERM |
| Topical Term |
Surface chemistry. |
| 650 #0 - SUBJECT ADDED ENTRY--TOPICAL TERM |
| Topical Term |
Solid state chemistry. |
| 700 1# - ADDED ENTRY--PERSONAL NAME |
| Personal name |
Vanselow, Ralf. |
| 700 1# - ADDED ENTRY--PERSONAL NAME |
| Personal name |
Tong, S. Y. |
| 942 ## - ADDED ENTRY ELEMENTS (KOHA) |
| Koha item type |
សៀវភៅភាសាអង់គ្លេស |
| 952 ## - LOCATION AND ITEM INFORMATION (KOHA) |
| Withdrawn status [LOCAL, KOHA] |
0 |